| 000 | 00711cam a2200253 4500 | ||
|---|---|---|---|
| 001 | J107 | ||
| 008 | 090401t1988 xxu||||| |||| 00| 0 eng d | ||
| 035 | _a(Sirsi) u73402 | ||
| 041 | _aeng | ||
| 050 | _a306.1 | ||
| 100 | _aAdair, A. | ||
| 245 | _aNorthern Ireland property market analysis project (NIPMAP). - Report no.14 (January-March 1988) - no.17 (October-December 1988) | ||
| 260 |
_aNewtownabbey, _bUniversity of Ulster _c1988 |
||
| 300 | _a4v. ; 30cm. | ||
| 350 | _a0 | ||
| 520 | _aPublished quarterly | ||
| 650 | _aHOUSE PRICES | ||
| 650 | _aNORTHERN IRELAND | ||
| 650 | _aPROPERTY MARKET | ||
| 700 | _aMcGreal, Stanley | ||
| 700 | _aMcKay, Stephen | ||
| 942 | _n0 | ||
| 948 | _c04/03/1997 | ||
| 999 |
_c95586 _d95586 |
||